Rock and Roll by Letter N - Statistics

General Stats
  • This quiz has been taken 183 times
  • The average score is 7 of 15
Answer Stats
Hint Answer % Correct
Band named after the place Jesus supposedly lived Nazareth
94%
One of the most influential and important alternative (grunge) bands in history despite only releasing 3 studio albums Nirvana
85%
One of the two Wilson sisters in the band Heart Nancy
65%
Springsteens 6th studio album is named after a state Nebraska
62%
The Beatles sang about this type of wood Norwegian
58%
Started out with the Hollies, but became a member of a folk/rock supergroup with David and Stephen Graham Nash
51%
Motor City Mad Man Ted Nugent
51%
This Ska/Punk inspired band was formed by Brother and Sister Eric and Gwen No Doubt
42%
Starred alongside his parents in the 50/60's TV series the Adventures of Ozzie and Harriet Ricky Nelson
42%
Elton John song about a female East German border guard Nikita
31%
Nirvana's bass player Krist Novoselic
26%
She is often regarded as "The Queen of Rock and Roll" Stevie Nicks
17%
This U2 song was written about the Polish Solidarity movement New Year's Day
15%
Bob Marley's middle name Nesta
13%
The British Glam Rock group Hello first recorded this song in 1975...Ace Frehley recorded it in 1978 New York Groove
13%
No matching quizzes found
Score Distribution
Percent of People with Each Score
Percentile by Number Answered
Your Score History
You have not taken this quiz